00362nam a2200121Ia 45000010005000000080041000050820022000461000044000682450057001122600028001699010028001979990015002252278241024s9999 xx 000 0 und d aRD/378/UN58e/2012 aUniversidad Autónoma de Santo Domingo 0aEstatuto Orgánico (edición corregida año 2012) bEd. Universitariac2012 a18/6/2012 10:18:57 a.m. c8319d8319